01148nam a2200193Ia 4500001001100000003001000011008004100021040002500062041001300087100001600100245008200116250001100198260006600209300002700275500026000302501011400562520026000676650001800936L262-20043IT-CnALBA170116s9999||||xx |||||||||||||| ||und|| aIT-CnALBAcIT-CnALBA aITALIANO aCHANTREL G. 0aI PAPI DELLE CATACOMBE. VOL. II: STORIA POPOLARE DEI PAPI. SECOLO II E III.  a2a ed. aARC. MODENA.bIMMAC. CONCEZ. TIP. PONT.c1863 [1° Ed.: n.d.] a247 p. (prefazione: 5) aTRADUZIONE DAL FRANCESE DI A. SOMAZZI. GERARCHIA ECCLESIASTICA. VITA RELIGIOSA: ASCETI E VERGINI. DIAGONESSE. MESSA E AGAPI FRATERNE. CALUNNIE CONTRO I CRISTIANI. LE CATACOMBE. S. CALLISTO. EPITAFI CRISTIANI. MARTIRI: IGNAZIO D'ANTIOCHIA. FELICITA. POLICA aSocietà San Paolo EM - Piazza San Paolo, 14 - 12051 ALBA (CN) (non commercial uses only) ® Copyright 2017 aTRADUZIONE DAL FRANCESE DI A. SOMAZZI. GERARCHIA ECCLESIASTICA. VITA RELIGIOSA: ASCETI E VERGINI. DIAGONESSE. MESSA E AGAPI FRATERNE. CALUNNIE CONTRO I CRISTIANI. LE CATACOMBE. S. CALLISTO. EPITAFI CRISTIANI. MARTIRI: IGNAZIO D'ANTIOCHIA. FELICITA. POLICA aECCLESIOLOGIA